ARRUPE JESUIT UNIVERSITY

CORONAVIRUS -STOP THE SPREAD - CLEAN,DISINFECT,COVER

The exercise of the primacy : (Record no. 125660)

MARC details
000 -LEADER
fixed length control field 01319cam a2200337 a 4500
001 - CONTROL NUMBER
control field 725031
003 - CONTROL NUMBER IDENTIFIER
control field ARRUPE
005 - DATE AND TIME OF LATEST TRANSACTION
control field 20161103110730.0
008 - FIXED-LENGTH DATA ELEMENTS--GENERAL INFORMATION
fixed length control field 980127s1998 nyu b 100 0 eng
010 ## - LIBRARY OF CONGRESS CONTROL NUMBER
LC control number 98011888
020 ## - INTERNATIONAL STANDARD BOOK NUMBER
International Standard Book Number 082451744X (pbk.)
040 ## - CATALOGING SOURCE
Original cataloging agency DLC
Transcribing agency DLC
Modifying agency DLC
050 00 - LIBRARY OF CONGRESS CALL NUMBER
Classification number BX1805
Item number .E84 1998
082 00 - DEWEY DECIMAL CLASSIFICATION NUMBER
Classification number 262/.13
Edition number 21
300 ## - PHYSICAL DESCRIPTION
Dimensions 21 cm.
245 04 - TITLE STATEMENT
Title The exercise of the primacy :
Remainder of title continuing the dialogue /
Statement of responsibility, etc essays by John R. Quinn ... [et al.] ; edited by Phyllis Zagano and Terrence W. Tilley.
260 ## - PUBLICATION, DISTRIBUTION, ETC. (IMPRINT)
Place of publication, distribution, etc New York :
Name of publisher, distributor, etc Crossroad Pub. Co.,
Date of publication, distribution, etc 1998.
300 ## - PHYSICAL DESCRIPTION
Extent xvi, 126 p. ;
500 ## - GENERAL NOTE
General note At head of title: Ut unum sint : studies on papal primacy.
500 ## - GENERAL NOTE
General note "A Crossroad Herder book."
500 ## - GENERAL NOTE
General note "A paperback original."
504 ## - BIBLIOGRAPHY, ETC. NOTE
Bibliography, etc Includes bibliographical references.
610 20 - SUBJECT ADDED ENTRY--CORPORATE NAME
Corporate name or jurisdiction name as entry element Catholic Church
General subdivision Government
Form subdivision Congresses.
9 (RLIN) 27246
650 #0 - SUBJECT ADDED ENTRY--TOPICAL TERM
Topical term or geographic name as entry element Popes
General subdivision Primacy
Form subdivision Congresses.
9 (RLIN) 27247
650 #0 - SUBJECT ADDED ENTRY--TOPICAL TERM
Topical term or geographic name as entry element Episcopacy
Form subdivision Congresses.
9 (RLIN) 27248
700 1# - ADDED ENTRY--PERSONAL NAME
Personal name Quinn, John R.
Fuller form of name (John Raphael),
Dates associated with a name 1929-
9 (RLIN) 6885
700 1# - ADDED ENTRY--PERSONAL NAME
Personal name Zagano, Phyllis.
9 (RLIN) 27249
700 1# - ADDED ENTRY--PERSONAL NAME
Personal name Tilley, Terrence W.
9 (RLIN) 12540
906 ## - LOCAL DATA ELEMENT F, LDF (RLIN)
a 7
b cbc
c orignew
d 1
e ocip
f 19
g y-gencatlg
942 ## - ADDED ENTRY ELEMENTS (KOHA)
Source of classification or shelving scheme Library of Congress Classification
Koha item type Monograph ( Printed materials)
Holdings
Withdrawn status Lost status Source of classification or shelving scheme Damaged status Not for loan Collection code Home library Current library Shelving location Date acquired Total Checkouts Full call number Barcode Date last seen Price effective from Koha item type
    Library of Congress Classification     Main Collection ARRUPE LIBRARY ARRUPE LIBRARY Main Collection 03/11/2016   BX1805 .C655 1998 46500009932 22/11/2017 03/11/2016 Monograph ( Printed materials)

 

Arrupe Library. PO Box MP320 Mt Pleasant, Harare, Zimbabwe
263 242 745411|librarian@aju.ac.zw